LIBRARY & INFORMATION CENTRE, KCAET, TAVANUR

ONLINE PUBLIC ACCESS CATALOGUE (OPAC)

Mechanical vibration analysis / (Record no. 9679)

MARC details
000 -LEADER
fixed length control field 00463cam a2200181ua 4500
041 ## - LANGUAGE CODE
Language code of text/sound track or separate title eng
082 ## - DEWEY DECIMAL CLASSIFICATION NUMBER
Classification number 620.3
Item number SRI/ME
100 ## - MAIN ENTRY--AUTHOR NAME
Personal name Srinivasan, P .
245 ## - TITLE STATEMENT
Title Mechanical vibration analysis /
250 ## - EDITION STATEMENT
Edition statement 2 /
260 ## - PUBLICATION, DISTRIBUTION, ETC. (IMPRINT)
Place of publication New Delhi :
Name of publisher Tata Mc-Graw Hill Publishing Company ,
Year of publication 1990.
300 ## - PHYSICAL DESCRIPTION
Number of Pages 536 ; .
942 ## - ADDED ENTRY ELEMENTS (KOHA)
Koha item type Books
Holdings
Withdrawn status Lost status Damaged status Home library Current library Date acquired Full call number Accession Number Koha item type
      KAUAET KAUAET 07/04/2012 620.3 20007 Books
free website counter